Antología de poesía hebrea moderna / (Record no. 24827)

MARC details
000 -LEADER
campo de control de longitud fija 00473nam a2200157 i 4500
001 - NÚMERO DE CONTROL
campo de control 24827
003 - IDENTIFICADOR DE NÚMERO DE CONTROL
campo de control ES-MaACL
005 - FECHA Y HORA DE LA ÚLTIMA TRANSACCIÓN
campo de control 20230906153135.0
007 - CAMPO FIJO DE DESCRIPCIÓN FÍSICA--INFORMACIÓN GENERAL
campo de control de longitud fija t|
008 - DATOS DE LONGITUD FIJA--INFORMACIÓN GENERAL
campo de control de longitud fija 021219s1970 sp ||||1| spa d
245 00 - MENCIÓN DEL TÍTULO
Título Antología de poesía hebrea moderna /
Mención de responsabilidad, etc. selección, traducción, introducción y notas de Ramón Díaz.
260 ## - PUBLICACIÓN, DISTRIBUCIÓN, ETC.
Lugar de publicación, distribución, etc. Madrid :
Nombre del editor, distribuidor, etc. Aguilar,
Fecha de publicación, distribución, etc. [1970]
300 ## - DESCRIPCIÓN FÍSICA
Extensión 308 p. ;
Dimensiones 20 cm.
700 1# - ENTRADA AGREGADA--NOMBRE PERSONAL
Nombre de persona Díaz, Ramón.
9 (RLIN) 44152
852 ## - LOCALIZACIÓN
Ubicación ES-MaACL
Número de control de estantería C-39782
Sublocalización o colección R.73479
Holdings
Estatus retirado Estado de pérdida Estado de daño No para préstamo Biblioteca de origen Biblioteca actual Ubicación en estantería Fecha de adquisición Fuente de adquisición Total de préstamos Signatura topográfica completa Código de barras Visto por última vez Precio de reemplazo Tipo de ítem Koha
        Biblioteca del Ateneo de Madrid Biblioteca del Ateneo de Madrid Depósito 2 17/01/2008     C-39782 1025596 23/02/2023 23/02/2023 Libro impreso